000 00420pab a2200145 454500
008 180718b1989 xxu||||| |||| 00| 0 eng d
100 _aOlomola, A.S.
245 _aDimensions of institutional and policy deficiencies in the Nigerian agricultural credit system
260 _c1989
300 _a171-83
362 _aJun.
650 _aAgricultural Credit - Nigeria
773 _aDevelopment Policy Review
909 _a3367
999 _c3367
_d3367